Fifty years of photogrammetry and surveying at University College London 1947-1997 (Record no. 96763)

MARC details
000 -LEADER
fixed length control field 00617cam a2200193 4500
001 - CONTROL NUMBER
control field M87640
008 - FIXED-LENGTH DATA ELEMENTS--GENERAL INFORMATION
fixed length control field 090401t1997 xxu||||| |||| 00| 0 eng d
035 ## - SYSTEM CONTROL NUMBER
System control number (Sirsi) u82022
041 ## - LANGUAGE CODE
Language code of text/sound track or separate title eng
050 ## - LIBRARY OF CONGRESS CALL NUMBER
Classification number 526.982
-- 18
110 ## - MAIN ENTRY--CORPORATE NAME
Corporate name or jurisdiction name as entry element University College London
Subordinate unit Department of Photogrammetry and Surveying
9 (RLIN) 4748
245 ## - TITLE STATEMENT
Title Fifty years of photogrammetry and surveying at University College London 1947-1997
260 ## - PUBLICATION, DISTRIBUTION, ETC.
Place of publication, distribution, etc. London
Name of publisher, distributor, etc. UCL
Date of publication, distribution, etc. 1997
300 ## - PHYSICAL DESCRIPTION
Extent 56p.
Dimensions 21cm.
350 ## - PRICE (NR) (BK AM CF MU VM SE) [OBSOLETE]
Price 0
690 ## - LOCAL SUBJECT ADDED ENTRY--TOPICAL TERM (OCLC, RLIN)
Topical term or geographic name as entry element ENVIRONMENTAL AND LAND CONSULTANCY-GEOMATICS-PHOTOGRAMMETRY AND REMOTE SENSING
942 ## - ADDED ENTRY ELEMENTS (KOHA)
Suppress in OPAC 0
948 ## - LOCAL PROCESSING INFORMATION (OCLC); SERIES PART DESIGNATOR (RLIN)
c (OCLC) 12/11/1997
Holdings
Withdrawn status Lost status Source of classification or shelving scheme Damaged status Not for loan Home library Current library Shelving location Date acquired Cost, normal purchase price Total Checkouts Full call number Barcode Date last seen Copy number Cost, replacement price Price effective from Koha item type
    Other/Generic Classification Scheme     London London Basement 14/09/1999 5.00   SHELF 202 30054189 06/08/2019 1 5.00 06/08/2019 Book